|
|
|
|
| LEADER |
00000csc a2200000 a 4500 |
| 001 |
26612-1 |
| 005 |
20230308214905.0 |
| 008 |
001090|2000 ||||||||r|||||||||||spa|| |
| 020 |
|
|
|a 8348603281
|
| 040 |
|
|
|b spa
|
| 041 |
1 |
|
|a spa
|
| 082 |
0 |
|
|a 616.8
|
| 245 |
|
|
|a Miopatías metabólicas
|c Rahman Pourmand editor; Isabel Alvarez Baleriola traductora
|h imp
|n 1/4
|
| 264 |
|
|
|a Madrid
|b McGraw-Hill Interamericana
|c 2000
|
| 300 |
|
|
|a XI, pp 1-299
|b ilu
|
| 300 |
|
|
|c 22x16 cm
|
| 310 |
|
|
|a Trimestral
|
| 490 |
|
|
|a Clínicas Neurológicas de Norteamérica
|v volumen 1/4
|
| 504 |
|
|
|a incl. ref.
|
| 650 |
1 |
|
|a Enfermedades musculares
|9 300489
|
| 650 |
|
|
|a Miopatías metabólicas
|9 216362
|
| 650 |
|
|
|a Espectroscopía
|
| 650 |
|
|
|a Miopatías mitocondriales
|9 300490
|
| 650 |
|
|
|a Glucógeno
|9 227443
|
| 650 |
|
|
|a Maltasa ácida
|9 300491
|
| 650 |
|
|
|a Lípidos
|9 39101
|
| 650 |
|
|
|a Mioadenilato desanimasa
|9 300492
|
| 650 |
|
|
|a Parálisis periódica
|9 300493
|
| 650 |
|
|
|a Miopatías endócrinas
|9 300494
|
| 650 |
|
|
|a Mioblobinuria
|9 300495
|
| 650 |
|
|
|a Enfermedad pulmonar crónica
|9 300496
|
| 700 |
1 |
|
|a Pormand, Rahman
|e editor
|9 300497
|
| 700 |
|
|
|a Álvarez Baleriola, Isabel
|e traductora
|9 262520
|
| 773 |
|
|
|t Miopatías metabólicas
|
| 852 |
|
|
|a UC-SALUD
|c ESTANTERIA ABIERTA
|f Compra
|k teresa.bermeoh
|l 1
|m General
|p 20010903/20130624
|q S/. 1
|t 26612-1
|b 0
|d CDRS
|e CDRS
|g 616.8 ESTANTERIA ABIERTA
|z 2001-10-90
|
| 942 |
|
|
|
| 999 |
|
|
|c 129315
|d 129315
|